000 00419nam a22001697a 4500
005 20260509105134.0
008 160530b xxu||||| |||| 00| 0 eng d
020 _a81-7808-961-0
041 _aeng
082 _a659.1
100 _aClow, Kenneth
_91540
245 _aIntegrated Advertising, Promotion and Marketing Communications
260 _bPearsons
_c2003
300 _a613
650 _aManagement
942 _cBK
999 _c2174
_d2173